| 000 | 01221cam a2200349 i 4500 | ||
|---|---|---|---|
| 001 | 20654455 | ||
| 003 | OSt | ||
| 005 | 20250610120635.0 | ||
| 008 | 180831s2020 maua b 001 0 eng | ||
| 010 | _a 2018041734 | ||
| 020 | _a9789389552454 | ||
| 020 | _a0134895134 | ||
| 020 | _a 9780134895130 | ||
| 040 |
_aDLC _beng _cDLC _erda _dDLC |
||
| 042 | _apcc | ||
| 050 | 0 | 0 |
_aHD57.7 _b.Y85 2020 |
| 082 | 0 | 0 |
_a658.4092 _bYUK/L |
| 100 | 1 |
_aYukl, Gary A., _d1940- _eauthor. _910575 |
|
| 245 | 1 | 0 |
_aLeadership in organizations / _cGary Yukl, State University of New York at Albany and William L. Gardner, III, Rawls College of Business Texas Tech University. |
| 250 | _aNinth edition. | ||
| 264 | 1 |
_aBoston : _bPearson Education, Inc., _c[2020] |
|
| 300 |
_axxii, 538 pages : _b illustrations ; _c24 cm |
||
| 336 |
_atext _btxt _2rdacontent |
||
| 337 |
_aunmediated _bn _2rdamedia |
||
| 338 |
_avolume _bnc _2rdacarrier |
||
| 504 | _aIncludes bibliographical references (pages 421-504) and indexes. | ||
| 650 | 0 | _aLeadership. | |
| 650 | 0 | _aDecision making. | |
| 650 | 0 | _aOrganization. | |
| 700 | 1 |
_aGardner, William L., _cIII, _eauthor. |
|
| 942 |
_2ddc _cBK _h658.4092 _iYUK/L _k658.4092 _mYUK/L |
||
| 999 |
_c44524 _d44524 |
||